000 01524cam a2200361 a 4500
001 EDZ0000116346
003 StDuBDS
005 20161031105115.0
006 m||||||||d||||||||
007 cr |||||||||||
008 130111s2007 caua fo| 000|0|eng|d
020 _a9781446261330 (ebook) :
_cNo price
040 _aStDuBDS
_beng
_cStDuBDS
_epn
049 _aAlfaisal Main Library
050 0 _aHA29
_b.D257 2007
082 0 4 _a300.15195
_223
245 0 0 _aData analysis
_h[electronic resource] /
_cedited by Sotirios Sarantakos.
260 _aLos Angeles ;
_aLondon :
_bSAGE,
_c2007.
300 _a1 online resource (4 v.) :
_bill.
490 1 _aSAGE benchmarks in social research methods
520 8 _aBringing together the most outstanding 'vintage' and contemporary work that have helped define and demarcate data analysis, this title covers both quantitative and qualitative aspects, as centred around realism, positivism and empiricism and relativism and interpretivism.
521 _aSpecialized.
588 _aDescription based on print version record.
504 _aIncludes bibliographical references.
650 0 _aSocial sciences
_xStatistical methods.
655 7 _aElectronic books.
_2local
700 1 _aSarantakos, S.
_q(Sotirios),
_d1939-
710 2 _aSage eBooks
776 0 8 _iPrint version :
_z9781412922760
830 0 _aSAGE benchmarks in social research methods.
856 4 0 _uhttp://ezproxy.alfaisal.edu/login?url=http://sk.sagepub.com/navigator/data-analysis
942 _2lcc
_cEBOOKS
999 _c479460
_d479460